00873nam a22002537a 450000100040000000500170000402000170002102000180003804000230005605000200007908200120009910000180011124500980012926000350022730000510026249000260031350500080033952001470034752100200049452100200051465000370053465000160057170000320058772220250808150831.0 a0590414267 : a9780590414272 aDLCcDLCdDLCbeng00aQP37b.C63 198900a6122191 aCole, Joanna.14aThe magic school bus :binside the human body /cby Joanna Cole ; illustrated by Bruce Degen. aNew York :bScholastic,c1989. a40 pages :bcolor illustrations ;c22 x 26 cm. aThe magic school bus  aR  aA special field trip on the magic school bus allows Ms. Frizzle's class to get a first-hand look at major parts of the body and how they work. a730 bLexile  aR bRaz-plus  0aHuman bodyvJuvenile literature. 1aHuman body.1 aDegen, Bruce,eillustrator.